Music Quiz

Random Music or Song Quiz

The Beach Boys Opening Lyrics Quiz Stats

 Plays Quiz not verified by Sporcle

Score 0/12 Timer 04:00
0 Plays Today
Lyric Song % Correct
'We come on the {Title}'Sloop John B
88.3%
'If every word I said'Forever
52.4%
'Now here we are together'Please Let me Wonder
42.8%
'When I watched you walk with him'Let Him Run Wild
38.6%
'On my way to sunny California'California Saga
35.2%
'What do the planets mean'Solar System
31.7%
'Hangin' down from my window'Windchimes
31%
'Im gona be round' my {Title}'Vegetables
29%
'Over the city in an {Title}'Airplane
29%
'I was sitin' in a crummy movie with my hands on my chin'Love and Mercy
28.3%
'I thinking about {Title}'This Whole World
21.4%
'The Bonneville salt flats had seen some strange things;The Spirit of America
15.9%

You're not logged in!

Compare scores with friends on all Sporcle quizzes.
OR
Log In

Show Comments

Extras

Created Nov 7, 2010ReportNominate
Tags:Song Quiz, beach, boy

Top Quizzes Today


Score Distribution

Your Account Isn't Verified!

In order to create a playlist on Sporcle, you need to verify the email address you used during registration. Go to your Sporcle Settings to finish the process.

Report this User

Report this user for behavior that violates our Community Guidelines.

Details: